000 00480nam a2200181Ia 4500
001 54898
008 140505s9999 xx 000 0 und d
020 _aNA
040 _cPK-LaUMT
082 _aMAL 261.55
_bCLA-S
100 _aClark, Robert E. D.
245 _aScience & Christianity a partnership
_cClark, Robert E. D.
260 _aLitho,USA:
_bPacific press publishing association,
_c1972
300 _a192 p.
546 _aEN
650 _aScience-religion
942 _cBK
999 _c52265
_d52265